[Event "DEM U14 2022"]
[Site "Willingen GER"]
[Date "2022.06.11"]
[Round "9"]
[White "Honisch, Alexander"]
[Black "Ermitsch, Magnus"]
[Result "1/2-1/2"]
[Termination "normal"]
[Board "1"]
[WhiteElo "1878"]
[BlackElo "2227"]
[WhiteClock "00:18:13"]
[BlackClock "00:40:30"]
[PlyCount "96"]
[WhiteFideId "16298594"]
[BlackFideId "16234464"]
[EventCountry "GER"]
[EventRounds "9"]
[EventType "swiss"]
[EventDate "2022.06.04"]

1. d4 {[%clk 1:30:43]} Nf6 {[%clk 1:30:52]} 2. c4 {[%clk 1:30:53]} e6 {[%clk
1:31:15]} 3. Nf3 {[%clk 1:30:57]} Bb4+ {[%clk 1:31:24]} 4. Nbd2 {[%clk
1:30:45]} d5 {[%clk 1:29:55]} 5. a3 {[%clk 1:23:55]} Be7 {[%clk 1:29:33]} 6.
Qc2 {[%clk 1:13:42]} O-O {[%clk 1:28:33]} 7. e4 {[%clk 1:09:05]} dxe4 {[%clk
1:22:27]} 8. Nxe4 {[%clk 1:08:44]} Nbd7 {[%clk 1:21:23]} 9. Nxf6+ {[%clk
1:03:04]} Nxf6 {[%clk 1:20:17]} 10. Be2 {[%clk 0:57:06]} b6 {[%clk 1:19:12]}
11. O-O {[%clk 0:55:24]} Bb7 {[%clk 1:18:38]} 12. Rd1 {[%clk 0:54:21]} Be4
{[%clk 1:12:55]} 13. Qc3 {[%clk 0:50:08]} Qc8 {[%clk 1:09:41]} 14. Bf4 {[%clk
0:43:39]} Qb7 {[%clk 1:08:23]} 15. b4 {[%clk 0:30:57]} a5 {[%clk 1:02:16]} 16.
b5 {[%clk 0:25:21]} Rac8 {[%clk 0:59:28]} 17. Qb3 {[%clk 0:19:38]} Rfd8 {[%clk
0:52:30]} 18. Rac1 {[%clk 0:15:44]} Nd7 {[%clk 0:49:39]} 19. Qe3 {[%clk
0:11:24]} Bf5 {[%clk 0:24:06]} 20. Nd2 {[%clk 0:07:48]} Nf6 {[%clk 0:22:30]}
21. Bf3 {[%clk 0:06:30]} Qa7 {[%clk 0:22:24]} 22. Bc6 {[%clk 0:04:11]} a4
{[%clk 0:21:58]} 23. h3 {[%clk 0:03:34]} h6 {[%clk 0:20:31]} 24. Nf3 {[%clk
0:03:11]} Bd6 {[%clk 0:20:11]} 25. Ne5 {[%clk 0:02:01]} Qa5 {[%clk 0:18:29]}
26. Kh1 {[%clk 0:01:20]} Qa7 {[%clk 0:18:23]} 27. Kg1 {[%clk 0:00:44]} Nh7
{[%clk 0:17:08]} 28. c5 {[%clk 0:00:31]} Bxe5 {[%clk 0:16:14]} 29. dxe5 {[%clk
0:00:43]} Nf8 {[%clk 0:16:21]} 30. Qc3 {[%clk 0:00:44]} Ng6 {[%clk 0:15:58]}
31. Be3 {[%clk 0:01:06]} Ne7 {[%clk 0:16:13]} 32. Bf3 {[%clk 0:00:47]} Rb8
{[%clk 0:15:08]} 33. cxb6 {[%clk 0:00:46]} cxb6 {[%clk 0:15:04]} 34. Rd6 {[%clk
0:00:35]} Rdc8 {[%clk 0:14:46]} 35. Qd2 {[%clk 0:00:31]} Rxc1+ {[%clk 0:12:26]}
36. Qxc1 {[%clk 0:01:00]} Nd5 {[%clk 0:12:41]} 37. Bxd5 {[%clk 0:00:59]} exd5
{[%clk 0:13:06]} 38. Qc6 {[%clk 0:00:48]} Qa5 {[%clk 0:11:19]} 39. Qxd5 {[%clk
0:00:41]} Qc3 {[%clk 0:11:14]} 40. Rd8+ {[%clk 0:00:31]} Rxd8 {[%clk 0:11:37]}
41. Qxd8+ {[%clk 0:28:54]} Kh7 {[%clk 0:42:04]} 42. Qd6 {[%clk 0:20:39]} Qb2
{[%clk 0:39:36]} 43. Bxb6 {[%clk 0:17:50]} Qc1+ {[%clk 0:38:29]} 44. Kh2 {[%clk
0:17:54]} Qf4+ {[%clk 0:38:53]} 45. Kg1 {[%clk 0:17:49]} Qc1+ {[%clk 0:39:16]}
46. Kh2 {[%clk 0:18:10]} Qf4+ {[%clk 0:39:43]} 47. Kg1 {[%clk 0:17:52]} Qc1+
{[%clk 0:40:06]} 48. Kh2 {[%clk 0:18:13]} Qf4+ {[%clk 0:40:30]} 1/2-1/2

[Event "DEM U14 2022"]
[Site "Willingen GER"]
[Date "2022.06.11"]
[Round "9"]
[White "Deuer, Marius"]
[Black "Klaska, Philipp Leon"]
[Result "1-0"]
[Termination "normal"]
[Board "2"]
[WhiteTitle "FM"]
[WhiteElo "2351"]
[BlackElo "1946"]
[WhiteClock "00:00:45"]
[BlackClock "00:01:41"]
[PlyCount "81"]
[WhiteFideId "16236432"]
[BlackFideId "16238044"]
[EventCountry "GER"]
[EventRounds "9"]
[EventType "swiss"]
[EventDate "2022.06.04"]

1. c4 {[%clk 1:30:57]} Nf6 {[%clk 1:30:53]} 2. Nc3 {[%clk 1:31:23]} c5 {[%clk
1:28:25]} 3. Nf3 {[%clk 1:31:20]} d5 {[%clk 1:26:04]} 4. cxd5 {[%clk 1:31:30]}
Nxd5 {[%clk 1:26:05]} 5. e3 {[%clk 1:31:03]} Nc6 {[%clk 1:24:42]} 6. Bb5 {[%clk
1:29:01]} e6 {[%clk 1:12:39]} 7. O-O {[%clk 1:15:46]} Be7 {[%clk 1:07:25]} 8.
Ne5 {[%clk 1:11:36]} Bd7 {[%clk 1:03:03]} 9. Bxc6 {[%clk 1:00:19]} Bxc6 {[%clk
1:02:18]} 10. Nxc6 {[%clk 1:00:28]} bxc6 {[%clk 1:02:43]} 11. Na4 {[%clk
0:59:38]} O-O {[%clk 1:01:34]} 12. b3 {[%clk 0:58:10]} Nb6 {[%clk 0:58:52]} 13.
Nb2 {[%clk 0:57:44]} Qd5 {[%clk 0:52:45]} 14. Qc2 {[%clk 0:57:14]} Rfd8 {[%clk
0:48:25]} 15. d3 {[%clk 0:56:22]} Bf6 {[%clk 0:47:30]} 16. Rd1 {[%clk 0:56:29]}
Rd7 {[%clk 0:47:14]} 17. a4 {[%clk 0:48:02]} a5 {[%clk 0:31:19]} 18. Rb1 {[%clk
0:46:31]} Qd6 {[%clk 0:21:53]} 19. e4 {[%clk 0:37:21]} Bd4 {[%clk 0:17:00]} 20.
Qe2 {[%clk 0:37:26]} Rb8 {[%clk 0:14:58]} 21. Be3 {[%clk 0:29:49]} Rdb7 {[%clk
0:12:45]} 22. Qd2 {[%clk 0:21:34]} Qc7 {[%clk 0:07:46]} 23. Qxa5 {[%clk
0:14:36]} Nd5 {[%clk 0:07:52]} 24. Qxc7 {[%clk 0:09:15]} Nxc7 {[%clk 0:08:16]}
25. Bxd4 {[%clk 0:03:00]} cxd4 {[%clk 0:08:40]} 26. Rbc1 {[%clk 0:01:56]} Rxb3
{[%clk 0:07:08]} 27. Rxc6 {[%clk 0:02:06]} Rxb2 {[%clk 0:06:06]} 28. Rxc7
{[%clk 0:02:31]} Rd2 {[%clk 0:02:58]} 29. Rcc1 {[%clk 0:02:57]} Rxd1+ {[%clk
0:02:03]} 30. Rxd1 {[%clk 0:03:26]} Kf8 {[%clk 0:01:26]} 31. Ra1 {[%clk
0:02:55]} Ke7 {[%clk 0:01:37]} 32. f4 {[%clk 0:02:10]} Kd7 {[%clk 0:01:11]} 33.
a5 {[%clk 0:01:48]} Kc7 {[%clk 0:00:40]} 34. Ra4 {[%clk 0:01:07]} Rd8 {[%clk
0:00:39]} 35. Rb4 {[%clk 0:00:43]} Rd6 {[%clk 0:00:53]} 36. Kf2 {[%clk
0:00:49]} Ra6 {[%clk 0:00:59]} 37. Rc4+ {[%clk 0:01:14]} Kb8 {[%clk 0:00:59]}
38. Rxd4 {[%clk 0:01:02]} Rxa5 39. Rd8+ {[%clk 0:01:06]} Kc7 {[%clk 0:01:40]}
40. Rf8 {[%clk 0:01:25]} f6 {[%clk 0:01:41]} 41. Rf7+ {[%clk 0:00:45]} 1-0

[Event "DEM U14 2022"]
[Site "Willingen GER"]
[Date "2022.06.11"]
[Round "9"]
[White "Payyappat, Sreyas"]
[Black "Kocharin, Timur"]
[Result "1-0"]
[Termination "normal"]
[Board "3"]
[WhiteTitle "FM"]
[WhiteElo "2173"]
[BlackElo "1888"]
[WhiteClock "00:45:44"]
[BlackClock "00:17:50"]
[PlyCount "93"]
[WhiteFideId "46674969"]
[BlackFideId "16240936"]
[EventCountry "GER"]
[EventRounds "9"]
[EventType "swiss"]
[EventDate "2022.06.04"]

1. e4 {[%clk 1:30:57]} c5 {[%clk 1:30:49]} 2. Nf3 {[%clk 1:31:23]} Nc6 {[%clk
1:31:15]} 3. d4 {[%clk 1:31:49]} cxd4 {[%clk 1:31:38]} 4. Nxd4 {[%clk 1:32:15]}
e5 {[%clk 1:32:03]} 5. Nb5 {[%clk 1:32:33]} d6 {[%clk 1:32:28]} 6. c4 {[%clk
1:31:50]} Be7 {[%clk 1:32:34]} 7. N1c3 {[%clk 1:30:56]} a6 {[%clk 1:32:26]} 8.
Na3 {[%clk 1:31:19]} f5 {[%clk 1:32:35]} 9. exf5 {[%clk 1:28:39]} Bxf5 {[%clk
1:32:24]} 10. Bd3 {[%clk 1:28:18]} Be6 {[%clk 1:31:59]} 11. O-O {[%clk
1:19:55]} Nf6 {[%clk 1:31:38]} 12. Be3 {[%clk 1:19:36]} O-O {[%clk 1:09:05]}
13. Nd5 {[%clk 1:17:16]} Rc8 {[%clk 0:57:50]} 14. Rc1 {[%clk 1:13:44]} e4
{[%clk 0:49:57]} 15. Nxf6+ {[%clk 1:07:41]} Bxf6 {[%clk 0:47:45]} 16. Bxe4
{[%clk 1:07:52]} Bxb2 {[%clk 0:44:34]} 17. Bxh7+ {[%clk 1:06:19]} Kh8 {[%clk
0:38:08]} 18. Qh5 {[%clk 0:59:24]} Bg4 {[%clk 0:37:08]} 19. Qxg4 {[%clk
0:59:43]} Kxh7 {[%clk 0:37:03]} 20. Rb1 {[%clk 0:44:02]} Bxa3 {[%clk 0:28:56]}
21. Bg5 {[%clk 0:42:33]} Qa5 {[%clk 0:19:00]} 22. Qh3+ {[%clk 0:41:55]} Kg8
{[%clk 0:15:19]} 23. Qe6+ {[%clk 0:40:06]} Kh7 {[%clk 0:14:31]} 24. Rb3 {[%clk
0:38:39]} Qxg5 {[%clk 0:14:09]} 25. Rh3+ {[%clk 0:37:16]} Qh6 {[%clk 0:14:26]}
26. Qe4+ {[%clk 0:36:52]} Kh8 {[%clk 0:13:25]} 27. Qe3 {[%clk 0:35:50]} Bc5
{[%clk 0:13:46]} 28. Rxh6+ {[%clk 0:36:16]} gxh6 {[%clk 0:14:12]} 29. Qxh6+
{[%clk 0:36:36]} Kg8 {[%clk 0:14:37]} 30. Qg6+ {[%clk 0:34:39]} Kh8 {[%clk
0:14:23]} 31. Kh1 {[%clk 0:34:19]} Rc7 {[%clk 0:12:03]} 32. f4 {[%clk 0:32:54]}
Ne5 {[%clk 0:10:04]} 33. Qh6+ {[%clk 0:32:46]} Kg8 {[%clk 0:10:32]} 34. g4
{[%clk 0:22:51]} Rg7 {[%clk 0:07:18]} 35. Qe6+ {[%clk 0:22:23]} Kh8 {[%clk
0:07:10]} 36. g5 {[%clk 0:22:03]} Nc6 {[%clk 0:02:14]} 37. Rf3 {[%clk 0:18:58]}
Rh7 {[%clk 0:01:24]} 38. Rh3 {[%clk 0:18:12]} Rxh3 {[%clk 0:00:31]} 39. Qxh3+
{[%clk 0:18:35]} Kg7 {[%clk 0:00:57]} 40. Qh6+ {[%clk 0:16:17]} Kf7 {[%clk
0:00:32]} 41. g6+ {[%clk 0:16:22]} Ke8 {[%clk 0:30:03]} 42. g7 {[%clk 0:46:37]}
Rg8 {[%clk 0:30:28]} 43. Qg6+ Ke7 {[%clk 0:30:39]} 44. f5 {[%clk 0:45:05]} Nd8
{[%clk 0:21:17]} 45. f6+ {[%clk 0:45:24]} Kd7 {[%clk 0:17:57]} 46. f7 {[%clk
0:45:37]} Nxf7 {[%clk 0:17:50]} 47. Qxf7+ {[%clk 0:45:44]} 1-0

[Event "DEM U14 2022"]
[Site "Willingen GER"]
[Date "2022.06.11"]
[Round "9"]
[White "Sommer, Justus"]
[Black "Möller, Maurin"]
[Result "1-0"]
[Termination "normal"]
[Board "4"]
[WhiteElo "1868"]
[BlackElo "1780"]
[WhiteClock "00:15:44"]
[BlackClock "00:53:08"]
[PlyCount "111"]
[WhiteFideId "16245008"]
[BlackFideId "16265696"]
[EventCountry "GER"]
[EventRounds "9"]
[EventType "swiss"]
[EventDate "2022.06.04"]

1. e4 {[%clk 1:30:49]} c5 {[%clk 1:30:57]} 2. Nf3 {[%clk 1:31:06]} e6 {[%clk
1:31:21]} 3. c3 {[%clk 1:31:15]} d5 {[%clk 1:31:48]} 4. exd5 {[%clk 1:31:11]}
Qxd5 {[%clk 1:32:12]} 5. d4 {[%clk 1:30:51]} Nf6 {[%clk 1:32:12]} 6. Na3 {[%clk
1:30:06]} a6 {[%clk 1:31:39]} 7. Be3 {[%clk 1:27:54]} Nbd7 {[%clk 1:30:43]} 8.
Bc4 {[%clk 1:18:40]} Qc6 {[%clk 1:25:50]} 9. O-O {[%clk 1:12:36]} b5 {[%clk
1:24:42]} 10. Be2 {[%clk 1:12:35]} Be7 {[%clk 1:23:50]} 11. dxc5 {[%clk
1:08:59]} Nxc5 {[%clk 1:21:53]} 12. Nd4 {[%clk 1:07:15]} Qc7 {[%clk 1:19:42]}
13. Bf3 {[%clk 1:01:19]} Nce4 {[%clk 1:17:36]} 14. Nac2 {[%clk 0:55:40]} O-O
{[%clk 1:16:32]} 15. a4 {[%clk 0:53:53]} Rb8 {[%clk 1:16:09]} 16. axb5 {[%clk
0:52:13]} axb5 {[%clk 1:16:21]} 17. Qd3 {[%clk 0:49:37]} Nc5 {[%clk 1:11:34]}
18. Qe2 {[%clk 0:41:51]} Bd7 {[%clk 1:09:59]} 19. Nb4 {[%clk 0:40:39]} Rb6
{[%clk 0:58:17]} 20. Qc2 {[%clk 0:36:34]} g6 {[%clk 0:49:58]} 21. Nb3 {[%clk
0:35:40]} Bc8 {[%clk 0:48:37]} 22. Nd3 {[%clk 0:34:42]} Nxb3 {[%clk 0:47:52]}
23. Qxb3 {[%clk 0:34:33]} Rb8 {[%clk 0:48:04]} 24. Ba7 {[%clk 0:34:17]} e5
{[%clk 0:47:15]} 25. Bxb8 {[%clk 0:34:25]} Qxb8 {[%clk 0:47:40]} 26. Nb4 {[%clk
0:33:11]} Be6 {[%clk 0:41:15]} 27. Qd1 {[%clk 0:30:47]} e4 {[%clk 0:35:10]} 28.
Nc6 {[%clk 0:30:00]} Qc7 {[%clk 0:35:23]} 29. Nxe7+ {[%clk 0:30:22]} Qxe7
{[%clk 0:35:52]} 30. Be2 {[%clk 0:30:18]} Nd5 {[%clk 0:36:14]} 31. Qd4 {[%clk
0:26:20]} Nf4 {[%clk 0:34:18]} 32. Rfe1 {[%clk 0:21:23]} Qg5 {[%clk 0:33:16]}
33. Bf1 {[%clk 0:21:19]} Bc4 {[%clk 0:33:20]} 34. g3 {[%clk 0:18:40]} Bxf1
{[%clk 0:31:25]} 35. Kxf1 {[%clk 0:18:59]} Nd3 {[%clk 0:31:25]} 36. Rxe4 {[%clk
0:14:30]} Rd8 {[%clk 0:31:08]} 37. Qe3 {[%clk 0:14:29]} Qf5 {[%clk 0:31:07]}
38. Re8+ {[%clk 0:13:10]} Rxe8 {[%clk 0:31:37]} 39. Qxe8+ {[%clk 0:13:30]} Kg7
{[%clk 0:32:04]} 40. Qe3 {[%clk 0:13:26]} h5 {[%clk 0:31:33]} 41. Qd4+ {[%clk
0:11:00]} Kh7 {[%clk 0:31:45]} 42. Rd1 {[%clk 0:04:16]} Nxb2 {[%clk 0:31:02]}
43. Rd2 {[%clk 0:03:57]} Nc4 {[%clk 0:31:17]} 44. Re2 {[%clk 0:03:40]} Qc8
{[%clk 0:29:34]} 45. Qd5 {[%clk 0:02:21]} Qc7 {[%clk 0:28:54]} 46. Re8 {[%clk
0:01:41]} Nd6 {[%clk 0:29:02]} 47. Re3 {[%clk 0:00:47]} Nc4 {[%clk 0:26:21]}
48. Re2 {[%clk 0:28:52]} Qa7 {[%clk 0:54:59]} 49. Re8 {[%clk 0:24:25]} f6
{[%clk 0:53:40]} 50. h4 {[%clk 0:20:19]} Qg7 {[%clk 0:52:16]} 51. Rb8 {[%clk
0:19:53]} Kh6 {[%clk 0:52:25]} 52. Rg8 {[%clk 0:18:48]} Qh7 {[%clk 0:52:28]}
53. Qd8 {[%clk 0:18:26]} Qf7 {[%clk 0:52:48]} 54. Rf8 {[%clk 0:15:29]} Ne3+
{[%clk 0:52:44]} 55. fxe3 {[%clk 0:15:28]} Qc4+ {[%clk 0:53:08]} 56. Kg1 {[%clk
0:15:44]} 1-0

[Event "DEM U14 2022"]
[Site "Willingen GER"]
[Date "2022.06.11"]
[Round "9"]
[White "Besou, Hussain"]
[Black "Krüger, Arthur"]
[Result "1-0"]
[Termination "normal"]
[Board "5"]
[WhiteElo "2094"]
[BlackElo "1988"]
[WhiteClock "00:38:18"]
[BlackClock "00:13:15"]
[PlyCount "113"]
[WhiteFideId "16269950"]
[BlackFideId "16244966"]
[EventCountry "GER"]
[EventRounds "9"]
[EventType "swiss"]
[EventDate "2022.06.04"]

1. d4 {[%clk 1:30:58]} d5 {[%clk 1:30:49]} 2. c4 {[%clk 1:31:23]} dxc4 {[%clk
1:31:13]} 3. e3 {[%clk 1:31:41]} Nf6 {[%clk 1:30:48]} 4. Nf3 {[%clk 1:32:02]}
e6 {[%clk 1:30:19]} 5. Bxc4 {[%clk 1:32:24]} c5 {[%clk 1:30:37]} 6. O-O {[%clk
1:32:37]} a6 {[%clk 1:30:39]} 7. a4 {[%clk 1:31:16]} cxd4 {[%clk 1:29:40]} 8.
exd4 {[%clk 1:31:37]} Nc6 {[%clk 1:29:28]} 9. Nc3 {[%clk 1:31:49]} Be7 {[%clk
1:28:10]} 10. Re1 {[%clk 1:31:22]} O-O {[%clk 1:27:17]} 11. Bg5 {[%clk
1:26:42]} h6 {[%clk 1:24:09]} 12. Bh4 {[%clk 1:26:46]} Bd7 {[%clk 1:24:28]} 13.
Rc1 {[%clk 1:19:38]} Re8 {[%clk 1:17:38]} 14. Bg3 {[%clk 1:03:40]} Bb4 {[%clk
1:08:09]} 15. Ne5 {[%clk 0:57:09]} Rc8 {[%clk 1:03:33]} 16. Ba2 {[%clk
0:55:31]} Nd5 {[%clk 0:53:12]} 17. Nd3 {[%clk 0:30:14]} Qa5 {[%clk 0:44:54]}
18. Nxb4 {[%clk 0:29:34]} Ncxb4 {[%clk 0:41:06]} 19. Bb3 {[%clk 0:29:46]} Rc6
{[%clk 0:34:47]} 20. Re5 {[%clk 0:21:55]} f6 {[%clk 0:24:12]} 21. Re1 {[%clk
0:22:05]} Rec8 {[%clk 0:22:19]} 22. Qf3 {[%clk 0:19:54]} Kh8 {[%clk 0:20:58]}
23. h4 {[%clk 0:19:14]} Nxc3 {[%clk 0:16:19]} 24. bxc3 {[%clk 0:19:37]} Qb6
{[%clk 0:14:27]} 25. c4 {[%clk 0:16:27]} Be8 {[%clk 0:11:32]} 26. c5 {[%clk
0:16:14]} Qa5 {[%clk 0:10:41]} 27. Rxe6 {[%clk 0:15:26]} Rxe6 {[%clk 0:10:42]}
28. Bxe6 {[%clk 0:15:52]} Rd8 {[%clk 0:10:35]} 29. Qxb7 {[%clk 0:14:42]} Rxd4
{[%clk 0:10:12]} 30. Qe7 {[%clk 0:14:14]} Qd8 {[%clk 0:06:37]} 31. Qf8+ {[%clk
0:14:31]} Kh7 {[%clk 0:06:57]} 32. Bd6 {[%clk 0:14:51]} Nc6 {[%clk 0:03:02]}
33. Bg8+ {[%clk 0:15:11]} Kg6 {[%clk 0:03:18]} 34. Re1 {[%clk 0:15:26]} Ne5
{[%clk 0:02:53]} 35. Rxe5 {[%clk 0:15:37]} Rd1+ {[%clk 0:01:47]} 36. Kh2 {[%clk
0:16:01]} fxe5 {[%clk 0:02:04]} 37. Bf7+ {[%clk 0:16:21]} Kf5 {[%clk 0:02:07]}
38. Bxe8+ {[%clk 0:16:46]} Qf6 {[%clk 0:01:16]} 39. Bd7+ {[%clk 0:15:01]} Kf4
{[%clk 0:00:40]} 40. Qxf6+ {[%clk 0:12:59]} gxf6 {[%clk 0:01:09]} 41. Bc8
{[%clk 0:13:09]} a5 {[%clk 0:29:17]} 42. Be7 {[%clk 0:42:59]} Rc1 {[%clk
0:27:40]} 43. Bd7 {[%clk 0:41:33]} Ke4 {[%clk 0:25:16]} 44. c6 {[%clk 0:41:14]}
Kd5 {[%clk 0:24:34]} 45. Bxf6 {[%clk 0:41:25]} Kd6 {[%clk 0:24:32]} 46. Bd8
{[%clk 0:41:46]} Rc4 {[%clk 0:24:20]} 47. Bxa5 {[%clk 0:41:38]} Rxh4+ {[%clk
0:24:22]} 48. Kg3 {[%clk 0:42:02]} Rxa4 {[%clk 0:24:40]} 49. Bd8 {[%clk
0:41:45]} Ra8 {[%clk 0:22:57]} 50. Bb6 {[%clk 0:42:02]} Ra4 {[%clk 0:20:07]}
51. Be3 {[%clk 0:42:21]} h5 {[%clk 0:20:00]} 52. Kf3 {[%clk 0:40:32]} Kc7
{[%clk 0:16:55]} 53. Bc5 {[%clk 0:40:41]} Rc4 {[%clk 0:16:26]} 54. Be7 {[%clk
0:39:15]} Ra4 {[%clk 0:15:09]} 55. Be8 {[%clk 0:38:07]} h4 {[%clk 0:14:28]} 56.
Bd8+ {[%clk 0:38:18]} Kc8 {[%clk 0:13:15]} 57. c7 1-0

[Event "DEM U14 2022"]
[Site "Willingen GER"]
[Date "2022.06.11"]
[Round "9"]
[White "Hagner, Bennet"]
[Black "Fruth, David"]
[Result "1-0"]
[Termination "normal"]
[Board "6"]
[WhiteElo "2186"]
[BlackElo "1648"]
[WhiteClock "00:02:44"]
[BlackClock "00:05:12"]
[PlyCount "95"]
[WhiteFideId "16224477"]
[BlackFideId "16257596"]
[EventCountry "GER"]
[EventRounds "9"]
[EventType "swiss"]
[EventDate "2022.06.04"]

1. e4 {[%clk 1:30:59]} c5 {[%clk 1:30:59]} 2. Nf3 {[%clk 1:31:22]} g6 {[%clk
1:31:23]} 3. d4 {[%clk 1:31:46]} Bg7 {[%clk 1:31:49]} 4. c3 {[%clk 1:24:26]}
cxd4 {[%clk 1:31:58]} 5. cxd4 {[%clk 1:24:44]} Nf6 {[%clk 1:20:43]} 6. Nc3
{[%clk 1:17:42]} d6 {[%clk 1:15:48]} 7. h3 {[%clk 1:16:30]} O-O {[%clk
1:08:06]} 8. Be2 {[%clk 1:15:17]} b6 {[%clk 0:54:41]} 9. O-O {[%clk 1:13:18]}
Bb7 {[%clk 0:52:05]} 10. Bd3 {[%clk 1:06:01]} Nc6 {[%clk 0:50:34]} 11. Be3
{[%clk 0:56:01]} Nb4 {[%clk 0:45:22]} 12. Bb1 {[%clk 0:55:55]} d5 {[%clk
0:44:47]} 13. e5 {[%clk 0:54:11]} Ne4 {[%clk 0:44:53]} 14. Ne2 {[%clk 0:40:38]}
Kh8 {[%clk 0:42:36]} 15. Ne1 {[%clk 0:34:07]} Ba6 {[%clk 0:38:56]} 16. Nd3
{[%clk 0:29:12]} Bxd3 {[%clk 0:37:47]} 17. Bxd3 {[%clk 0:29:35]} f6 {[%clk
0:37:16]} 18. f3 {[%clk 0:28:17]} Ng5 {[%clk 0:29:04]} 19. Bxg5 {[%clk
0:28:12]} fxg5 {[%clk 0:28:44]} 20. Bb5 {[%clk 0:23:45]} a5 {[%clk 0:23:34]}
21. Qb3 {[%clk 0:20:48]} Bh6 {[%clk 0:17:40]} 22. g4 {[%clk 0:14:43]} e6 {[%clk
0:17:35]} 23. Rac1 {[%clk 0:14:48]} Na6 {[%clk 0:16:22]} 24. Rc6 {[%clk
0:12:35]} Nc7 {[%clk 0:08:51]} 25. Kg2 {[%clk 0:12:46]} Rb8 {[%clk 0:07:03]}
26. Rfc1 {[%clk 0:11:58]} Nxb5 {[%clk 0:06:48]} 27. Qxb5 {[%clk 0:12:24]} Qd7
{[%clk 0:06:28]} 28. Qa6 {[%clk 0:09:04]} Qf7 {[%clk 0:05:28]} 29. Qd3 {[%clk
0:07:24]} Rb7 {[%clk 0:04:55]} 30. a4 {[%clk 0:05:57]} Rfb8 {[%clk 0:04:51]}
31. Rc8+ {[%clk 0:04:27]} Bf8 {[%clk 0:05:04]} 32. Rxb8 {[%clk 0:04:12]} Rxb8
{[%clk 0:05:11]} 33. Qb5 {[%clk 0:03:22]} Bb4 {[%clk 0:05:19]} 34. Qc6 {[%clk
0:03:10]} Rb7 {[%clk 0:04:37]} 35. Qc8+ {[%clk 0:03:09]} Kg7 {[%clk 0:04:56]}
36. Rc6 {[%clk 0:03:25]} b5 {[%clk 0:04:12]} 37. axb5 {[%clk 0:03:43]} Rxb5
{[%clk 0:04:40]} 38. Rxe6 {[%clk 0:02:29]} Bf8 {[%clk 0:03:06]} 39. Rf6 {[%clk
0:02:50]} Qe7 {[%clk 0:03:15]} 40. Rxf8 {[%clk 0:03:09]} Rxb2 {[%clk 0:03:26]}
41. Rg8+ {[%clk 0:02:22]} Kh6 {[%clk 0:03:42]} 42. Kf2 {[%clk 0:02:21]} a4
{[%clk 0:03:54]} 43. Qf8+ {[%clk 0:02:05]} Qxf8 {[%clk 0:04:19]} 44. Rxf8
{[%clk 0:02:27]} a3 {[%clk 0:04:46]} 45. Ra8 {[%clk 0:02:49]} a2 {[%clk
0:05:10]} 46. Ke3 {[%clk 0:03:00]} Rb3+ {[%clk 0:04:52]} 47. Kf2 {[%clk
0:02:15]} Rb2 {[%clk 0:05:12]} 48. Ra7 {[%clk 0:02:44]} 1-0

[Event "DEM U14 2022"]
[Site "Willingen GER"]
[Date "2022.06.11"]
[Round "9"]
[White "Haubold, Christian Lucas"]
[Black "Wunderlich, Elias"]
[Result "0-1"]
[Termination "normal"]
[Board "7"]
[WhiteElo "1944"]
[BlackElo "1619"]
[WhiteClock "00:04:08"]
[BlackClock "00:26:35"]
[PlyCount "96"]
[WhiteFideId "16259629"]
[BlackFideId "34608087"]
[EventCountry "GER"]
[EventRounds "9"]
[EventType "swiss"]
[EventDate "2022.06.04"]

1. e4 {[%clk 1:30:56]} e6 {[%clk 1:30:57]} 2. d4 {[%clk 1:31:17]} d5 {[%clk
1:31:25]} 3. Nd2 {[%clk 1:31:28]} c5 {[%clk 1:31:51]} 4. exd5 {[%clk 1:31:34]}
Qxd5 {[%clk 1:31:07]} 5. Ngf3 {[%clk 1:31:49]} cxd4 {[%clk 1:31:18]} 6. Bc4
{[%clk 1:31:46]} Qd6 {[%clk 1:31:39]} 7. O-O {[%clk 1:31:38]} Nf6 {[%clk
1:31:56]} 8. Nb3 {[%clk 1:31:30]} Nc6 {[%clk 1:32:19]} 9. Nbxd4 {[%clk
1:31:21]} Nxd4 {[%clk 1:32:38]} 10. Nxd4 {[%clk 1:31:46]} Be7 {[%clk 1:32:33]}
11. c3 {[%clk 1:31:41]} O-O {[%clk 1:32:52]} 12. Qf3 {[%clk 1:29:13]} Qc7
{[%clk 1:33:02]} 13. Bb3 {[%clk 1:26:09]} a5 {[%clk 1:33:21]} 14. Bg5 {[%clk
1:15:30]} a4 {[%clk 1:31:09]} 15. Bc2 {[%clk 1:15:32]} h6 {[%clk 1:30:03]} 16.
Bf4 {[%clk 1:10:20]} Qa5 {[%clk 1:29:37]} 17. Rfe1 {[%clk 1:08:36]} Nd5 {[%clk
1:24:30]} 18. Bd2 {[%clk 0:47:24]} Re8 {[%clk 1:09:44]} 19. Re5 {[%clk
0:33:48]} Bf6 {[%clk 1:04:35]} 20. Re4 {[%clk 0:26:03]} Bd7 {[%clk 1:03:27]}
21. Rg4 h5 {[%clk 0:35:45]} 22. Re4 {[%clk 0:20:20]} Ne7 {[%clk 0:35:44]} 23.
Re2 {[%clk 0:11:39]} e5 {[%clk 0:34:28]} 24. Nf5 {[%clk 0:06:06]} Nxf5 {[%clk
0:34:51]} 25. Bxf5 {[%clk 0:06:15]} e4 {[%clk 0:35:10]} 26. Bxe4 {[%clk
0:04:43]} Bg4 {[%clk 0:35:31]} 27. Qd3 {[%clk 0:04:25]} Bxe2 {[%clk 0:34:24]}
28. Qxe2 {[%clk 0:04:23]} Rad8 {[%clk 0:34:34]} 29. Re1 {[%clk 0:02:38]} Qc5
{[%clk 0:26:34]} 30. Kf1 {[%clk 0:01:11]} Rxe4 {[%clk 0:24:03]} 31. Qxe4 {[%clk
0:01:03]} Rxd2 {[%clk 0:24:20]} 32. Qe8+ {[%clk 0:00:56]} Kh7 {[%clk 0:24:48]}
33. Qe4+ {[%clk 0:01:16]} g6 {[%clk 0:25:04]} 34. Qf3 {[%clk 0:01:09]} Kg7
{[%clk 0:25:08]} 35. b3 {[%clk 0:00:42]} Rxa2 {[%clk 0:24:52]} 36. bxa4 {[%clk
0:01:02]} Qc4+ {[%clk 0:24:53]} 37. Kg1 {[%clk 0:01:13]} Qxc3 {[%clk 0:25:03]}
38. Rb1 {[%clk 0:01:00]} Ra1 {[%clk 0:25:05]} 39. Qd1 {[%clk 0:01:22]} Rxb1
{[%clk 0:25:10]} 40. Qxb1 {[%clk 0:01:45]} Qa1 {[%clk 0:25:35]} 41. Qxa1 {[%clk
0:02:01]} Bxa1 {[%clk 0:25:55]} 42. Kf1 {[%clk 0:02:25]} Kf6 {[%clk 0:26:02]}
43. Ke2 {[%clk 0:02:48]} Ke5 {[%clk 0:26:21]} 44. Kd3 {[%clk 0:03:13]} Kd5
{[%clk 0:26:39]} 45. f3 {[%clk 0:03:16]} g5 {[%clk 0:26:11]} 46. g4 {[%clk
0:03:23]} hxg4 {[%clk 0:25:52]} 47. fxg4 {[%clk 0:03:47]} Bd4 {[%clk 0:26:16]}
48. h3 {[%clk 0:04:08]} b6 {[%clk 0:26:35]} 0-1